书目信息 |
| 题名: |
参考地图册
|
|
| 作者: | 周敏 , 黄秀莲 主编 | |
| 分册: | ||
| 出版信息: | 北京 中国地图出版社 1999.01 |
|
| 页数: | 115页 | |
| 开本: | 32开 | |
| 丛书名: | ||
| 单 册: | ||
| 中图分类: | K991 | |
| 科图分类: | ||
| 主题词: | 世界地图--国家地图集 , 省区地图--中国--地图集 | |
| 电子资源: | ||
| ISBN: | 7-5031-2160-2 | |
| 000 | 00723nam0 2200241 45 | |
| 001 | 0211250929 | |
| 005 | 20031219104101.3 | |
| 010 | @a7-5031-2160-2@dCNY30.00 | |
| 100 | @a20021125d1999 km y0chiy0120 ea | |
| 101 | 0 | @achi |
| 105 | @ab z 000yy | |
| 200 | 1 | @a参考地图册@ACan Kao Di Tu Ce@e中国·世界@EZhong Guo·Shi Jie@f周敏,黄秀莲主编@FZhou Min,Huang Xiu Lian Zhu Bian |
| 205 | @a2版 | |
| 210 | @a北京@c中国地图出版社@d1999.01 | |
| 215 | @a115页@d32开 | |
| 517 | @a中国·世界@AZhong Guo·Shi Jie | |
| 606 | 0 | @a世界地图@x国家地图集 |
| 606 | 0 | @a省区地图@y中国@x地图集 |
| 690 | @aK991@v4 | |
| 701 | @a周敏@4主编 | |
| 701 | 0 | @a黄秀莲@4主编 |
| 801 | @aCN@bTSTC@c20021125 | |
| 905 | @b318306-308@dK991@e42=2@f3 | |
| 参考地图册:中国·世界/周敏,黄秀莲主编.-2版.-北京:中国地图出版社,1999.01 |
| 115页;32开 |
| ISBN 7-5031-2160-2:CNY30.00 |
| ● |
| 相关链接 |
|
|
|
|
正题名:参考地图册
索取号:K991/42=2
 
预约/预借
| 序号 | 登录号 | 条形码 | 馆藏地/架位号 | 状态 | 备注 |
| 1 | 0318306 | 203183063 | 第二借阅区/ [索取号:K991/42=2] | 在馆 | |
| 2 | 0318307 | 203183072 | 第二借阅区/ [索取号:K991/42=2] | 在馆 | |
| 3 | 0318308 | 203183081 | 第二样本阅览室/ [索取号:K991/42=2] | 在馆 |